00959nam a2200241 i 450000100060000000300090000600500170001500700030003200800410003510000280007624501480010425000120025226000380026430000220030249000610032470000330038570000290041870000310044783000690047885200320054799900170057995201210059631352ES-MaACL20230906154350.0t|030129s1981 sp ||||1| spa d1 aBender, Michael.92747610aComportamiento general y hábitos de autocuidado / cMichael Bender, Peter J. Valletutti ; [traducido por Roser Berdaguer y Montserra Biosca]. a1ª ed. aBarcelona : bFontanella, c1981. a265 p. ; c18 cm.1 aPrograma para la enseñanza del deficiente mental ; v11 aValletutti, Peter J.91129101 aBerdaguer, Roser.9278601 aBiosca, Montserrat.9289470 aPrograma para la enseñanza del deficiente mental ; v19229368 aES-MaACLjL-2164 bR.103097 c31352d31352 00104070aATENEOMbATENEOMcDEPO2d2008-01-17eSCl0oL-2164p1032400r2023-02-23 00:00:00w2023-02-23yMONOGRAFIA